Get the Picture: African Presidents Quiz Stats

 Plays Quiz Updated May 25, 2019

Score 0/16 Timer 04:00
3 Plays Today
Question Answer Wrong Answers
Time Person of the Year Nelson Mandela
93.5%
Gamal Abdel Nasser
1.5%
Omar al-Bashir
0.5%
George Weah
0.6%
Was imprisoned from 1962 to 1990 Nelson Mandela
93.2%
Gamal Abdel Nasser
1.2%
Omar al-Bashir
1%
George Weah
0.4%
Nobel Peace Prize Laureate Nelson Mandela
92.4%
Gamal Abdel Nasser
1.7%
Omar al-Bashir
0.8%
George Weah
0.9%
President of South Africa Nelson Mandela
91.2%
Gamal Abdel Nasser
0.9%
Omar al-Bashir
1%
George Weah
2.6%
President of Egypt Gamal Abdel Nasser
87.3%
Nelson Mandela
1.2%
Omar al-Bashir
6.7%
George Weah
1%
Professional footballer who played for AC Milan and Chelsea George Weah
85.1%
Nelson Mandela
3.1%
Gamal Abdel Nasser
4.7%
Omar al-Bashir
2.7%
Major figure in the Suez Crisis Gamal Abdel Nasser
84.8%
Nelson Mandela
2.8%
Omar al-Bashir
5.9%
George Weah
2.2%
First sworn in as President in 2018 George Weah
80.6%
Nelson Mandela
3.5%
Gamal Abdel Nasser
2.7%
Omar al-Bashir
8.9%
President of Liberia George Weah
75.4%
Nelson Mandela
1.5%
Gamal Abdel Nasser
6.3%
Omar al-Bashir
13%
President of Sudan Omar al-Bashir
74.6%
Nelson Mandela
1.2%
Gamal Abdel Nasser
6.3%
George Weah
13.5%
Participated in the ousting of the King and the formation of a Republic in 1952 Gamal Abdel Nasser
73.1%
Nelson Mandela
6.4%
Omar al-Bashir
11.5%
George Weah
4.8%
Indicted by the International Criminal Court for genocide Omar al-Bashir
67.8%
Nelson Mandela
3.6%
Gamal Abdel Nasser
16.8%
George Weah
7.6%
Runner up to Ellen Johnson Sirleaf in the 2005 presidential election George Weah
66%
Nelson Mandela
4.8%
Gamal Abdel Nasser
9%
Omar al-Bashir
16.2%
Served as United Arab Republic president Gamal Abdel Nasser
64.1%
Nelson Mandela
1.7%
Omar al-Bashir
25.2%
George Weah
4.5%
Participated in the 2015 Saudi Arabian-led intervention in Yemen Omar al-Bashir
60.8%
Nelson Mandela
2%
Gamal Abdel Nasser
22.4%
George Weah
10.7%
Served as President for more than 20 years Omar al-Bashir
30.6%
Nelson Mandela
20.5%
Gamal Abdel Nasser
42.2%
George Weah
2.4%

Today's Daily Dose

Missing Word
Celine Dion

Word Ladder
Dr. Seuss Books

Quick Pick
Cities in India

Get the Picture
'A' Actresses

You're not logged in!

Compare scores with friends on all Sporcle quizzes.
OR
Log In

Sporcle TV

Today on Sporcle TV


Watch our educational content, quiz creation guides, and fun videos on Sporcle TV.

Show Comments

Extras

Top Quizzes Today


Score Distribution

Your Account Isn't Verified!

In order to create a playlist on Sporcle, you need to verify the email address you used during registration. Go to your Sporcle Settings to finish the process.

Report this User

Report this user for behavior that violates our Community Guidelines.

Details: